Gaming Quiz

Random Gaming or Pokémon Quiz

Pokemon Weak to Electric Quiz Stats

 Plays Quiz not verified by Sporcle

Challenge
Share
Tweet
Embed
Score 0/187 Timer 12:00
0 Plays Today
% Correct
Blastoise
98.3%
Squirtle
97.9%
Wartortle
97.5%
Gyarados
93.7%
Charizard
93.3%
Butterfree
93.3%
Pidgey
93.3%
Pidgeotto
93.3%
Pidgeot
93.3%
Totodile
93.3%
Piplup
92.9%
Empoleon
92.9%
Poliwag
92.5%
Poliwhirl
92.5%
Poliwrath
92.5%
Seel
92.5%
Magikarp
92.5%
Articuno
92.5%
Moltres
92.5%
Croconaw
92.5%
Feraligatr
92.5%
Dewgong
92.1%
Mudkip
92.1%
Prinplup
92.1%
Slowbro
91.6%
Goldeen
91.6%
Vaporeon
91.6%
Slowpoke
91.2%
Shellder
91.2%
Cloyster
91.2%
Seaking
91.2%
Staryu
91.2%
Starmie
91.2%
Fearow
90.8%
Spearow
90.4%
Lapras
90.4%
Slowking
90%
Greninja
90%
Lugia
89.5%
Ho-Oh
89.5%
Wingull
89.5%
Pelipper
89.5%
Oshawott
89.5%
Froakie
89.5%
Dewott
89.1%
Samurott
88.7%
Frogadier
88.3%
Popplio
88.2%
Psyduck
87.9%
Golduck
87.9%
Tentacool
87.9%
Tentacruel
87.9%
Kabuto
87.9%
Kabutops
87.9%
Taillow
87.9%
Swellow
87.9%
Starly
87.9%
Farfetch'd
87.4%
Staravia
87.4%
Staraptor
87.4%
Horsea
86.6%
Omanyte
86.6%
Omastar
86.6%
% Correct
Aerodactyl
86.6%
Kyogre
86.6%
Seadra
86.2%
Hoothoot
86.2%
Noctowl
86.2%
Politoed
86.2%
Mantine
86.2%
Doduo
84.9%
Dodrio
84.9%
Suicune
84.9%
Talonflame
84.9%
Krabby
84.5%
Kingler
84.5%
Sharpedo
84.5%
Carvanha
84.1%
Mantyke
84.1%
Zubat
83.7%
Golbat
83.7%
Beautifly
83.7%
Fletchinder
83.7%
Corsola
83.3%
Wailord
83.3%
Skarmory
82.8%
Wailmer
82.8%
Marill
82.4%
Relicanth
82.4%
Fletchling
82.4%
Azumarill
82%
Milotic
82%
Unfezant
82%
Feebas
81.6%
Pidove
81.6%
Tornadus
81.6%
Brionne
81.6%
Primarina
81.6%
Scyther
81.2%
Crobat
81.2%
Gorebyss
81.2%
Clamperl
80.8%
Huntail
80.8%
Tranquill
80.8%
Corphish
80.3%
Crawdaunt
80.3%
Luvdisc
80.3%
Jellicent
79.9%
Ledian
79.5%
Sealeo
79.5%
Walrein
79.5%
Panpour
79.5%
Simipour
79.5%
Frillish
79.5%
Ledyba
79.1%
Spheal
79.1%
Togetic
78.2%
Masquerain
78.2%
Surskit
77.8%
Buizel
77.8%
Floatzel
77.8%
Phione
77.4%
Manaphy
77.4%
Carracosta
77.4%
Remoraid
77%
Octillery
77%
% Correct
Tirtouga
77%
Ducklett
77%
Murkrow
76.6%
Togekiss
76.6%
Swanna
76.6%
Qwilfish
75.7%
Keldeo
75.7%
Honchkrow
75.3%
Archen
75.3%
Archeops
74.9%
Clawitzer
74.9%
Yveltal
74.9%
Finneon
74.5%
Lumineon
74.5%
Vullaby
74.5%
Mandibuzz
74.5%
Clauncher
74.5%
Bibarel
73.6%
Delibird
73.2%
Basculin
73.2%
Mothim
72.8%
Drifloon
72.8%
Drifblim
72.8%
Alomomola
72.4%
Combee
72%
Vespiquen
72%
Braviary
72%
Yanma
71.5%
Rufflet
71.5%
Natu
71.1%
Xatu
71.1%
Yanmega
71.1%
Wishiwashi
71.1%
Tapu Fini
71.1%
Shellos
70.3%
Vivillon
70.3%
Bruxish
69.7%
Hawlucha
68.6%
Dewpider
68.4%
Woobat
67.8%
Swoobat
67.8%
Pikipek
67.1%
Toucannon
67.1%
Araquanid
67.1%
Sigilyph
66.9%
Swablu
66.1%
Barbaracle
66.1%
Trumbeak
65.8%
Binacle
65.7%
Skrelp
65.7%
Tympole
65.3%
Oricorio
63.2%
Celesteela
63.2%
Ninjask
61.1%
Pyukumuku
60.5%
Chatot
58.2%
Wimpod
57.9%
Golisopod
56.6%
Mareanie
53.9%
Minior
53.9%
Toxapex
52.6%

You're not logged in!

Compare scores with friends on all Sporcle quizzes.
Join for Free
OR
Log In

You Might Also Like...

Show Comments

Extras

Top Quizzes Today


Score Distribution

Your Account Isn't Verified!

In order to create a playlist on Sporcle, you need to verify the email address you used during registration. Go to your Sporcle Settings to finish the process.

Report this User

Report this user for behavior that violates our Community Guidelines.

Details: